000 00674nam a2200205Ii 4500
003 JO-AjNU
008 230605s9999||||xx |||||||||||||| ||und||
040 _aJO-AjNU
_bara
_erda
_cJO-AjNU
041 _aara
050 1 4 _aD891.S2522 1991
100 3 _aأمين، سمير,
_eauthor
_914589
245 0 0 _aبعض قضايا للمستقبل: تاملات خول تحديات العالم المعاصر
250 _aط1
264 3 1 _aالقاهرة: مكتبة مدبولي، 1991
300 _a276ص
336 _atext
_btxt
_2rdacontent
337 _aunmediated
_bn
_2rdamedia
338 _avolume
_bnc
_2rdacarrier
650 4 _aراسمالية- اشتراكية
_914590
999 _aA3926
_c7494
_d7494